00465nam a22001577a 450000500170000000800410001702000180005804100130007608200130008910000120010224500780011425000190019226000460021130000240025765000260028120241002073334.0241002b |||||||| |||| 00| 0 eng d a9789994558261 aEnglish  a347 NAM  lEnglish aProsecuting civil appeals to the Supreme Court of Namibia / cS Namandje  aFirst Edition  aPretoria: bWize Books Publishers, c2023 b64 pages; c26 cm.  aLegal practice bLaw